000
00284cam a2200121ua 4500
999
_c
4922
_d
4922
003
OSt
008
191028b ||||| |||| 00| 0 eng d
082
_a
928.94812
_b
KES/KC
100
_a
Hari,Sharma, A C.
_9
4490
245
_a
Mahakavi K C Kesavapillai /
300
_a
181 ; .
942
_c
BK